Project management essentials

Bibliographic Details
Main Author: Linton, Therese
Format: Book
Language:English
Published: South Melbourne,Australia : Cengage Learning , 2014
Subjects:

MARC

LEADER 00000cam a2200000 7i4500
001 0000026564
005 20151008.0
008 071015 at a eng
020 |a 9780170237062 ,   |c RM446.00 
040 |a INS 
090 0 0 |a T56.8   |b L56 2014 
100 1 |a Linton, Therese 
245 1 0 |a Project management essentials   |c Therese Linton 
260 |a South Melbourne,Australia :   |b Cengage Learning ,   |c 2014 
300 |a xxxvi,484p. ;   |c 25cm. 
500 |a Includes index 
650 0 |a Project management 
999 |a 1000002230   |b BOOK   |c Open Shelf   |e Default branch